Manchester corporation act,1970 (Record no. 415796)

000 -LEADER
fixed length control field 00310cam a22001097a 4500
008 - FIXED-LENGTH DATA ELEMENTS--GENERAL INFORMATION
fixed length control field 180718b1970 xxu||||| |||| 00| 0 eng d
082 ## - DEWEY DECIMAL CLASSIFICATION NUMBER
Classification number B7303mcx42 Un3 M
245 ## - TITLE STATEMENT
Title Manchester corporation act,1970
Statement of responsibility, etc. by Her Majesty's
260 ## - PUBLICATION, DISTRIBUTION, ETC.
Place of publication, distribution, etc. London
Name of publisher, distributor, etc. Her Majesty's
Date of publication, distribution, etc. 1970
300 ## - PHYSICAL DESCRIPTION
Extent iii,32p
700 ## - ADDED ENTRY--PERSONAL NAME
Personal name U.K.Her Majesty's
Holdings
Withdrawn status Lost status Damaged status Not for loan Permanent Location Current Location Date acquired Full call number Barcode Date last seen Price effective from Koha item type
        Indian Institute of Public Administration Indian Institute of Public Administration 2009-03-06 B7303mcx42 Un3 M DA3085 2018-07-21 2018-07-21 DA

Powered by Koha